Представление документа в формате MARC21

Поле Инд. ПП Название Значение
Тип записи a
Библиографический уровень m
001 Контрольный номер e79dd422595c436484f1caa1c386e6b6
005 Дата корректировки 20251222112549.3
084 a Индекс другой классификации/Индекс ББК 87
097 b Оператор Кондратьева
245 10 a Заглавие Вестник Московского университета. Серия 7. Философия
n Номер части/ раздела 4
260 c Дата издания 2025
900 a Имя макрообъекта 0000003887641
901 t Тип документа s